| 000 | 00357nam a2200133Ia 4500 | ||
|---|---|---|---|
| 008 | 210210b1975 xxu||||| |||| 00| 0 eng d | ||
| 082 | _a378 KAPC | ||
| 100 | _aKAPUR (J N). | ||
| 245 | _aCurrent issues in higher education in India. | ||
| 260 |
_aNew Delhi. _bS. Chand & Co. Ltd. _c1975 |
||
| 300 | _aviii,248 | ||
| 690 | _aHigher Education | ||
| 906 | _a031601 | ||
| 999 |
_c82721 _d82721 |
||